000 00848nab a2200241 u 4500
001 10159
003 HDC
007 cr bn ---aaaaa
008 210203c9999 |r|nos 0 a eng d
040 _aHDC
245 0 _aProduction of in-flight halal airline meals on the rise after certification of Narita food company
260 _a[no place] :
_b[publisher not identified],
_c[no year]
336 _atext
_2rdacontent
337 _acomputer
_2rdamedia
338 _aonline resource
_2rdacarrier
650 _ahalal airline meals
_910393
650 _ahalal kitchen
_910394
710 _aMainichi Daily News
856 _zRequest full-text at [email protected]
942 _2lcc
942 _cNEWS
942 _kNWSO 000099
999 _c7482
_d7482